000 00822 aa a2200229 4500
005 20120210130023.0
010 _a
020 _a
_c100.00
035 _aA-927586
037 _b
082 _a181.499
100 _aरजनीश
_941512
245 _aआत्मशुद्धि के सूत्र /
_cरजनीश
_b
246 _a
260 _aनई दिल्ली
_bडायमंड पॉकेट बुक्स
_c1998
270 _a
_b
_e
300 _a376पृ.
_c22सेमी (सजिल्द)
500 _a
650 _aप्रवचन
_941513
942 _adpl
_cHN
_2ddc
_h181.499
_m रजनी
999 _c62500
_d62500